Dow Jones Companies By Ticker Symbol Quiz Stats

 Plays Quiz Updated Feb 24, 2019

Score 0/30 Timer 03:00
5 Plays Today
% Correct
GE
97.3%
WMT
97.3%
CAT
97.2%
CSCO
97.2%
JNJ
97%
MCD
97%
JPM
97%
HD
96.9%
PG
96.9%
MRK
96.4%
PFE
96.4%
UNH
96.4%
IBM
96.3%
UTX
95.7%
AXP
95.6%
% Correct
DWDP
95.5%
CVX
95.4%
MSFT
95.1%
VZ
95.1%
TRV
94.7%
XOM
94.5%
MMM
94.3%
INTC
94.3%
DIS
94.1%
NKE
93.9%
V
89.2%
BA
88.7%
AAPL
85.4%
GS
77.7%
KO
77.2%

You're not logged in!

Compare scores with friends on all Sporcle quizzes.
OR
Log In

Sporcle TV

Today on Sporcle TV


Watch our educational content, quiz creation guides, and fun videos on Sporcle TV.

Show Comments

Extras

Top Quizzes Today


Score Distribution

Your Account Isn't Verified!

In order to create a playlist on Sporcle, you need to verify the email address you used during registration. Go to your Sporcle Settings to finish the process.

Report this User

Report this user for behavior that violates our Community Guidelines.

Details: